| 000 | 00805cam a2200265 4500 | ||
|---|---|---|---|
| 005 | 20260322212046.0 | ||
| 008 | data | ||
| 010 | _a 71110653 | ||
| 040 |
_aDLC _cDLC _dDLC |
||
| 050 | 0 | 0 |
_aSF309 _b.B195 |
| 082 | 0 | 0 | _a636.1/08/8 |
| 092 | _a636.1 B195 1970 | ||
| 100 | 1 |
_aBall, Charles E. _q(Charles Elihue) |
|
| 245 | 1 | 0 |
_aSaddle up! The Farm journal book of Western horsemanship, _cCharles E. Ball. |
| 250 | _a[1st ed.] | ||
| 260 |
_aPhiladelphia, _bLippincott _c[1970] |
||
| 300 |
_a224 p. _billus., ports. _c26 cm. |
||
| 350 | _a5.95 | ||
| 504 | _aBibliography: p. 213-215. | ||
| 650 | 0 | _aWestern riding. | |
| 730 | 0 | _aFarm journal (Philadelphia, Pa. : 1956) | |
| 906 |
_a7 _bcbc _corignew _du _encip _f19 _gy-gencatlg |
||
| 991 |
_bc-GenColl _hSF309 _i.B195 _p00028486571 _tCopy 1 _wBOOKS |
||
| 001 | data | ||
| 999 |
_c1081 _d1081 |
||